| 000 | 00585 a2200181 4500 | ||
|---|---|---|---|
| 020 | _a0553246984 | ||
| 020 | _a9780553246988 | ||
| 082 | 0 | 4 | _a303.4 |
| 090 |
_c2817 _d2817 |
||
| 100 | 1 | _aToffler, Alvin. | |
| 245 | 1 | 4 |
_aThe third wave / _cAlvin Toffler. |
| 260 |
_a[S.l.] : _bBantam, _c1984. |
||
| 300 |
_a560 p. ; _c18 cm. |
||
| 500 | _aMass Market Paperback. | ||
| 856 | 4 | 0 |
_3Amazon.com _uhttp://www.amazon.com/exec/obidos/ASIN/0553246984/chopaconline-20 |
| 856 | 4 | 0 |
_3Amazon customer reviews _uhttp://www.chopac.org/cgi-bin/tools/azrev.pl?q=0553246984 |
| 942 |
_aNBS _cBK _k303.4 TOF |
||
| 999 |
_c345307 _d345307 |
||